Á lódáil...

Oil palm

Sonraí Bibleagrafaíochta
Príomhúdar: Hartley, C W S
Formáid: Printed Book
Teanga:Undetermined
English
Foilsithe: London Longman Group Ltd 1977
Eagrán:2
Ábhair:
LEADER 00541nam a2200181Ia 4500
008 140306s9999 xx 000 0 und d
041 |a eng 
082 |a 633  |b HAR/OI 
100 |a Hartley, C W S 
245 |a Oil palm 
250 |a 2 
260 |a London  |b Longman Group Ltd  |c 1977 
300 |a 806 
365 |b Rs .25 .00 
650 |a Plantation crops 
942 |2 ddc  |c BK 
999 |c 116336  |d 116336 
952 |0 0  |1 0  |2 ddc  |4 0  |6 633_000000000000000_HAROI  |7 0  |9 114959  |a KAUHCV  |b KAUHCV  |d 2002-04-27  |g 25.00  |o 633 HAR/OI  |p KAU_HCV-14202  |r 2014-03-22  |w 2014-03-22  |y BK